Aplikace kvality v projektovém řízení (ISO 10 006)

Norma ISO 10 006 poskytuje návod na aplikáciu koncepcie kvality v managemente projektu. Základné hľadiská pre aplikáciu kvality v managemente projektu. Riadenie projektu - procesný prístup. Základné princípy ISO 10 006. Maticové organizácie riadenia, klady a zápory.

Gespeichert in:
Bibliographische Detailangaben
1. Verfasser: Řeháček, Petr
Format: Buchkapitel
Sprache:Tschechisch
Schlagworte:
Tags: Tag hinzufügen
Keine Tags, Fügen Sie das erste Tag hinzu!

MARC

LEADER 00000naa a2200000 4500
001 r038550
005 20231002100623.3
041 0 |a cze 
044 |a CZ 
245 1 0 |a Aplikace kvality v projektovém řízení  |b (ISO 10 006)  |c Petr Řeháček 
520 |a Norma ISO 10 006 poskytuje návod na aplikáciu koncepcie kvality v managemente projektu. Základné hľadiská pre aplikáciu kvality v managemente projektu. Riadenie projektu - procesný prístup. Základné princípy ISO 10 006. Maticové organizácie riadenia, klady a zápory. 
610 2 0 |a riadenie kvality 
610 2 0 |a riadenie podnikové 
610 2 0 |a riadenie projektové 
610 2 0 |a ISO 10 006 
100 1 |a Řeháček, Petr